{"text_format":"3","workbook":"xlsx","n_sheets":1,"sheets":["t190"],"read":"whole","date_system":"1900"}

{"sheet":"t190","index":0,"n_rows":203,"n_cols":7,"rows_kept":203,"merged":[[0,0,0,6],[30,0,30,5],[51,0,51,5],[156,0,156,5]]}
["TABELA 190.1 - Estatísticas Agrícolas, Município de Gália, Estado de São Paulo, 2007/08."]
["ITEM","UNIDADE","N.DE UPAs","MÍNIMO","MÉDIO","MÁXIMO","TOTAL"]
["Distância à sede do município","km",344,0.1,{"v":8.37,"d":"8.4"},{"v":35,"d":"35.0"},"-"]
["Área total","hectare",344,0.6,{"v":99.66,"d":"99.7"},{"v":2000,"d":"2,000.0"},{"v":34284.2,"d":"34,284.2"}]
["Área com cultura perene","hectare",179,0.2,{"v":26.38,"d":"26.4"},284.7,{"v":4721.4,"d":"4,721.4"}]
["Área com cultura temporária","hectare",109,0.1,{"v":10.85,"d":"10.9"},171.8,{"v":1182.7,"d":"1,182.7"}]
["Área com pastagem","hectare",308,0.2,{"v":69.23,"d":"69.2"},{"v":1312.6,"d":"1,312.6"},{"v":21321.9,"d":"21,321.9"}]
["Área com reflorestamento","hectare",121,0.1,{"v":11.74,"d":"11.7"},739.4,{"v":1421,"d":"1,421.0"}]
["Área com vegetação natural","hectare",155,0.1,{"v":25.82,"d":"25.8"},{"v":1992.8,"d":"1,992.8"},{"v":4002,"d":"4,002.0"}]
["Área com vegetação de brejo e várzea","hectare",4,0.2,{"v":2.73,"d":"2.7"},{"v":10,"d":"10.0"},10.9]
["Área em descanso","hectare",28,0.2,{"v":21.59,"d":"21.6"},{"v":242,"d":"242.0"},604.4]
["Área complementar","hectare",319,0.1,3.2,196.8,{"v":1019.9,"d":"1,019.9"}]
["Área das UPAs com (0, 1] ha","hectare",2,0.6,{"v":0.65,"d":"0.7"},0.7,1.3]
["Área das UPAs com (1, 2] ha","hectare",8,1.2,{"v":1.64,"d":"1.6"},{"v":2,"d":"2.0"},13.1]
["Área das UPAs com (2, 5] ha","hectare",49,2.1,{"v":3.53,"d":"3.5"},{"v":5,"d":"5.0"},{"v":173,"d":"173.0"}]
["Área das UPAs com (5, 10] ha","hectare",59,5.1,{"v":7.57,"d":"7.6"},9.7,446.7]
["Área das UPAs com (10, 20] ha","hectare",59,11.3,{"v":14.39,"d":"14.4"},19.4,849.2]
["Área das UPAs com (20, 50] ha","hectare",67,20.5,{"v":32.25,"d":"32.3"},{"v":50,"d":"50.0"},{"v":2160.6,"d":"2,160.6"}]
["Área das UPAs com (50, 100] ha","hectare",29,50.8,{"v":68.02,"d":"68.0"},96.8,{"v":1972.7,"d":"1,972.7"}]
["Área das UPAs com (100, 200] ha","hectare",26,{"v":109,"d":"109.0"},{"v":140.57,"d":"140.6"},193.6,{"v":3654.7,"d":"3,654.7"}]
["Área das UPAs com (200, 500] ha","hectare",30,205.7,{"v":296.36,"d":"296.4"},498.5,{"v":8890.9,"d":"8,890.9"}]
["Área das UPAs com (500, 1.000] ha","hectare",7,522.7,{"v":744.96,"d":"745.0"},942.7,{"v":5214.7,"d":"5,214.7"}]
["Área das UPAs com (1.000, 2.000] ha","hectare",8,{"v":1014,"d":"1,014.0"},{"v":1363.41,"d":"1,363.4"},{"v":2000,"d":"2,000.0"},{"v":10907.3,"d":"10,907.3"}]
["Área das UPAs com (2.000, 5.000] ha","hectare","-","-","-","-","-"]
["Área das UPAs com (5.000, 10.000] ha","hectare","-","-","-","-","-"]
["Área das UPAs acima de 10.000 ha","hectare","-","-","-","-","-"]
["Familiares do proprietário que trabalham na UPA","unidade",198,{"v":1,"d":"1.0"},{"v":1.56,"d":"1.6"},{"v":4,"d":"4.0"},{"v":309,"d":"309.0"}]
["Trabalhadores permanentes","unidade",188,{"v":1,"d":"1.0"},{"v":3.31,"d":"3.3"},{"v":38,"d":"38.0"},{"v":623,"d":"623.0"}]
["Fonte: Secretaria de Agricultura e Abastecimento, CDRS/IEA, Projeto LUPA."]
[]
["TABELA 190.2 - Explorações Animais, Município de Gália, Estado de São Paulo, 2007/08."]
["ITEM","UNIDADE","N.DE UPAs","MÍNIMO","MÉDIO","MÁXIMO","TOTAL"]
["Apicultura","colmeias",2,{"v":1,"d":"1.0"},{"v":8,"d":"8.0"},{"v":15,"d":"15.0"},{"v":16,"d":"16.0"}]
["Asininos E Muares","cabeças",38,{"v":1,"d":"1.0"},{"v":1.53,"d":"1.5"},{"v":7,"d":"7.0"},{"v":58,"d":"58.0"}]
["Avestruzes e Ema (Criadouro)","cabeças",3,{"v":10,"d":"10.0"},{"v":46.67,"d":"46.7"},{"v":100,"d":"100.0"},{"v":140,"d":"140.0"}]
["Avicultura de Corte","cabeças/ano",1,{"v":20,"d":"20.0"},{"v":20,"d":"20.0"},{"v":20,"d":"20.0"},{"v":20,"d":"20.0"}]
["Avicultura para Ovos","cabeças",2,{"v":12,"d":"12.0"},{"v":40006,"d":"40,006.0"},{"v":80000,"d":"80,000.0"},{"v":80012,"d":"80,012.0"}]
["Bovinocultura de Corte","cabeças",99,{"v":2,"d":"2.0"},{"v":186.24,"d":"186.2"},{"v":1600,"d":"1,600.0"},{"v":18438,"d":"18,438.0"}]
["Bovinocultura Leiteira","cabeças",26,{"v":1,"d":"1.0"},{"v":19,"d":"19.0"},{"v":120,"d":"120.0"},{"v":494,"d":"494.0"}]
["Bovinocultura Mista","cabeças",123,{"v":1,"d":"1.0"},{"v":53.11,"d":"53.1"},{"v":1691,"d":"1,691.0"},{"v":6533,"d":"6,533.0"}]
["Bubalinocultura","cabeças",1,{"v":16,"d":"16.0"},{"v":16,"d":"16.0"},{"v":16,"d":"16.0"},{"v":16,"d":"16.0"}]
["Caprinocultura","cabeças",1,{"v":12,"d":"12.0"},{"v":12,"d":"12.0"},{"v":12,"d":"12.0"},{"v":12,"d":"12.0"}]
["Equinocultura","cabeças",125,{"v":1,"d":"1.0"},{"v":5.09,"d":"5.1"},{"v":170,"d":"170.0"},{"v":636,"d":"636.0"}]
["Helicicultura","viveiros",1,{"v":1,"d":"1.0"},{"v":1,"d":"1.0"},{"v":1,"d":"1.0"},{"v":1,"d":"1.0"}]
["Outra Exploração Animal","cabeças",6,{"v":1,"d":"1.0"},{"v":31.83,"d":"31.8"},{"v":54,"d":"54.0"},{"v":191,"d":"191.0"}]
["Ovinocultura","cabeças",13,{"v":4,"d":"4.0"},{"v":32.77,"d":"32.8"},{"v":110,"d":"110.0"},{"v":426,"d":"426.0"}]
["Piscicultura","m² tanques",2,{"v":2500,"d":"2,500.0"},{"v":6750,"d":"6,750.0"},{"v":11000,"d":"11,000.0"},{"v":13500,"d":"13,500.0"}]
["Sericicultura","gramas larvas/ano",26,{"v":1,"d":"1.0"},{"v":264.12,"d":"264.1"},{"v":2450,"d":"2,450.0"},{"v":6867,"d":"6,867.0"}]
["Suinocultura","cabeças",39,{"v":1,"d":"1.0"},{"v":8.64,"d":"8.6"},{"v":40,"d":"40.0"},{"v":337,"d":"337.0"}]
["Fonte: Secretaria de Agricultura e Abastecimento, CDRS/IEA, Projeto LUPA."]
[]
["TABELA 190.3 -  Máquinas, Implementos e Benfeitorias, Município de Gália, Estado de São Paulo, 2007/08."]
["ITEM","UNIDADE","N.DE UPAs","MÍNIMO","MÉDIO","MÁXIMO","TOTAL"]
["Arado Comum (Bacia, Aiveca)","Unidade",32,{"v":1,"d":"1.0"},{"v":1.19,"d":"1.2"},{"v":3,"d":"3.0"},{"v":38,"d":"38.0"}]
["Arado Escarificador","Unidade",9,{"v":1,"d":"1.0"},{"v":1,"d":"1.0"},{"v":1,"d":"1.0"},{"v":9,"d":"9.0"}]
["Arado Subsolador","Unidade",19,{"v":1,"d":"1.0"},{"v":1.11,"d":"1.1"},{"v":2,"d":"2.0"},{"v":21,"d":"21.0"}]
["Batedeira de Cereais","Unidade",6,{"v":1,"d":"1.0"},{"v":1,"d":"1.0"},{"v":1,"d":"1.0"},{"v":6,"d":"6.0"}]
["Câmara Fria","Unidade",2,{"v":1,"d":"1.0"},{"v":2,"d":"2.0"},{"v":3,"d":"3.0"},{"v":4,"d":"4.0"}]
["Colhedeira Acoplada","Unidade",5,{"v":1,"d":"1.0"},1.2,{"v":2,"d":"2.0"},{"v":6,"d":"6.0"}]
["Conj.Irrigação Convencional","Unidade",2,{"v":1,"d":"1.0"},{"v":1,"d":"1.0"},{"v":1,"d":"1.0"},{"v":2,"d":"2.0"}]
["Conj.Irrigação Pivot Central","Unidade",1,{"v":1,"d":"1.0"},{"v":1,"d":"1.0"},{"v":1,"d":"1.0"},{"v":1,"d":"1.0"}]
["Conj.Irrigação/Gotejamento/Microaspersão","Unidade",2,{"v":1,"d":"1.0"},1.5,{"v":2,"d":"2.0"},{"v":3,"d":"3.0"}]
["Conjunto de Fenação","Unidade",1,{"v":2,"d":"2.0"},{"v":2,"d":"2.0"},{"v":2,"d":"2.0"},{"v":2,"d":"2.0"}]
["Desintegrador de Palha (Plantio Direto)","Unidade",2,{"v":1,"d":"1.0"},{"v":1,"d":"1.0"},{"v":1,"d":"1.0"},{"v":2,"d":"2.0"}]
["Desintegrador, Picador, Triturador","Unidade",94,{"v":1,"d":"1.0"},{"v":1.14,"d":"1.1"},{"v":3,"d":"3.0"},{"v":107,"d":"107.0"}]
["Distribuidor de Calcário","Unidade",34,{"v":1,"d":"1.0"},{"v":1.26,"d":"1.3"},{"v":2,"d":"2.0"},{"v":43,"d":"43.0"}]
["Ensiladeira","Unidade",4,{"v":1,"d":"1.0"},1.5,{"v":3,"d":"3.0"},{"v":6,"d":"6.0"}]
["Grade Aradora (Tipo Romi)","Unidade",14,{"v":1,"d":"1.0"},{"v":1,"d":"1.0"},{"v":1,"d":"1.0"},{"v":14,"d":"14.0"}]
["Grade Niveladora","Unidade",27,{"v":1,"d":"1.0"},{"v":1.15,"d":"1.2"},{"v":2,"d":"2.0"},{"v":31,"d":"31.0"}]
["Implementos para Tração Animal","Unidade",42,{"v":1,"d":"1.0"},{"v":2,"d":"2.0"},{"v":5,"d":"5.0"},{"v":84,"d":"84.0"}]
["Microtrator","Unidade",1,{"v":1,"d":"1.0"},{"v":1,"d":"1.0"},{"v":1,"d":"1.0"},{"v":1,"d":"1.0"}]
["Misturador de Ração","Unidade",4,{"v":1,"d":"1.0"},{"v":1,"d":"1.0"},{"v":1,"d":"1.0"},{"v":4,"d":"4.0"}]
["Ordenhadeira Mecânica","Unidade",1,{"v":2,"d":"2.0"},{"v":2,"d":"2.0"},{"v":2,"d":"2.0"},{"v":2,"d":"2.0"}]
["Pulverizador Tratorizado","Unidade",67,{"v":1,"d":"1.0"},{"v":1.76,"d":"1.8"},{"v":7,"d":"7.0"},{"v":118,"d":"118.0"}]
["Resfriador de Leite, Tanque Expansão","Unidade",2,{"v":1,"d":"1.0"},{"v":2,"d":"2.0"},{"v":3,"d":"3.0"},{"v":4,"d":"4.0"}]
["Semeadeira/Adubadeira para Plantio Convencional","Unidade",9,{"v":1,"d":"1.0"},{"v":1,"d":"1.0"},{"v":1,"d":"1.0"},{"v":9,"d":"9.0"}]
["Semeadeira/Plantadeira Plantio Direto","Unidade",8,{"v":1,"d":"1.0"},{"v":1.25,"d":"1.3"},{"v":3,"d":"3.0"},{"v":10,"d":"10.0"}]
["Trator de Esteiras","Unidade",1,{"v":2,"d":"2.0"},{"v":2,"d":"2.0"},{"v":2,"d":"2.0"},{"v":2,"d":"2.0"}]
["Trator de Pneus","Unidade",146,{"v":1,"d":"1.0"},{"v":1.87,"d":"1.9"},{"v":20,"d":"20.0"},{"v":273,"d":"273.0"}]
["Açude/Represa","Unidade",74,{"v":1,"d":"1.0"},{"v":1.54,"d":"1.5"},{"v":5,"d":"5.0"},{"v":114,"d":"114.0"}]
["Almoxarifado/Oficina","Unidade",37,{"v":1,"d":"1.0"},1.3,{"v":4,"d":"4.0"},{"v":48,"d":"48.0"}]
["Armazém para Grãos Ensacados","Sacas",17,{"v":1,"d":"1.0"},{"v":2253.06,"d":"2,253.1"},{"v":10000,"d":"10,000.0"},{"v":38302,"d":"38,302.0"}]
["Balança para Bovinos","Unidade",13,{"v":1,"d":"1.0"},{"v":1,"d":"1.0"},{"v":1,"d":"1.0"},{"v":13,"d":"13.0"}]
["Barracão para Bicho da Seda/Sirgaria","Unidade",51,{"v":1,"d":"1.0"},{"v":1.16,"d":"1.2"},{"v":3,"d":"3.0"},{"v":59,"d":"59.0"}]
["Barracão para Granja/Avicultura","Unidade",4,{"v":1,"d":"1.0"},{"v":7.75,"d":"7.8"},{"v":20,"d":"20.0"},{"v":31,"d":"31.0"}]
["Barracão/Galpão/Garagem","Unidade",169,{"v":1,"d":"1.0"},{"v":1.39,"d":"1.4"},{"v":6,"d":"6.0"},{"v":235,"d":"235.0"}]
["Biodigestor","Unidade",1,{"v":5,"d":"5.0"},{"v":5,"d":"5.0"},{"v":5,"d":"5.0"},{"v":5,"d":"5.0"}]
["Casa de Moradia Habitada","Unidade",250,{"v":1,"d":"1.0"},{"v":2.41,"d":"2.4"},{"v":25,"d":"25.0"},{"v":602,"d":"602.0"}]
["Casa de Moradia Total","Unidade",290,{"v":1,"d":"1.0"},{"v":3.47,"d":"3.5"},{"v":45,"d":"45.0"},{"v":1006,"d":"1,006.0"}]
["Curral/Mangueira","Unidade",160,{"v":1,"d":"1.0"},{"v":1.06,"d":"1.1"},{"v":3,"d":"3.0"},{"v":169,"d":"169.0"}]
["Depósito/Tulha","Unidade",155,{"v":1,"d":"1.0"},{"v":1.52,"d":"1.5"},{"v":8,"d":"8.0"},{"v":235,"d":"235.0"}]
["Engenho","Unidade",1,{"v":1,"d":"1.0"},{"v":1,"d":"1.0"},{"v":1,"d":"1.0"},{"v":1,"d":"1.0"}]
["Estábulo","Unidade",10,{"v":1,"d":"1.0"},1.1,{"v":2,"d":"2.0"},{"v":11,"d":"11.0"}]
["Estufa/Plasticultura","m²",2,{"v":48,"d":"48.0"},{"v":524,"d":"524.0"},{"v":1000,"d":"1,000.0"},{"v":1048,"d":"1,048.0"}]
["Fábrica de Ração","Unidade",1,{"v":1,"d":"1.0"},{"v":1,"d":"1.0"},{"v":1,"d":"1.0"},{"v":1,"d":"1.0"}]
["Instalações para Equinos","Unidade",11,{"v":1,"d":"1.0"},{"v":4.27,"d":"4.3"},{"v":27,"d":"27.0"},{"v":47,"d":"47.0"}]
["Máquina de Benefício","Unidade",31,{"v":1,"d":"1.0"},{"v":1.06,"d":"1.1"},{"v":2,"d":"2.0"},{"v":33,"d":"33.0"}]
["Olaria","Unidade",3,{"v":1,"d":"1.0"},{"v":1,"d":"1.0"},{"v":1,"d":"1.0"},{"v":3,"d":"3.0"}]
["Pocilga","Unidade",8,{"v":1,"d":"1.0"},{"v":1.25,"d":"1.3"},{"v":2,"d":"2.0"},{"v":10,"d":"10.0"}]
["Poço Semi-Artesiano","Unidade",28,{"v":1,"d":"1.0"},{"v":1.18,"d":"1.2"},{"v":3,"d":"3.0"},{"v":33,"d":"33.0"}]
["Posto Meteorológico","Unidade",2,{"v":1,"d":"1.0"},1.5,{"v":2,"d":"2.0"},{"v":3,"d":"3.0"}]
["Secador de Grãos","Unidade",33,{"v":1,"d":"1.0"},{"v":1.24,"d":"1.2"},{"v":3,"d":"3.0"},{"v":41,"d":"41.0"}]
["Silo para Grãos","t",1,{"v":600,"d":"600.0"},{"v":600,"d":"600.0"},{"v":600,"d":"600.0"},{"v":600,"d":"600.0"}]
["Silo para Silagem","t",6,{"v":60,"d":"60.0"},{"v":2090,"d":"2,090.0"},{"v":8000,"d":"8,000.0"},{"v":12540,"d":"12,540.0"}]
["Terreiro","m²",124,{"v":1,"d":"1.0"},{"v":1265.2,"d":"1,265.2"},{"v":20000,"d":"20,000.0"},{"v":156885,"d":"156,885.0"}]
["Fonte: Secretaria de Agricultura e Abastecimento, CDRS/IEA, Projeto LUPA."]
[]
["TABELA 190.4 - Outras Estatísticas Agrícolas, Município de Gália, Estado de São Paulo, 2007/08."]
["ITEM","Número de UPAs",null,"Percentual"]
["Faz Parte de Associação de Produtores",41,null,{"v":11.918604651162791,"d":"11.9"}]
["Faz Parte de Cooperativa de Produtores",154,null,{"v":44.76744186046511,"d":"44.8"}]
["Faz Parte do Sindicato de Produtores",84,null,{"v":24.418604651162788,"d":"24.4"}]
["Não utiliza assistência técnica ",41,null,{"v":11.918604651162791,"d":"11.9"}]
["Utiliza somente assistência técnica governamental ",136,null,{"v":39.53488372093023,"d":"39.5"}]
["Utiliza somente assistência técnica privada ",68,null,{"v":19.767441860465116,"d":"19.8"}]
["Utiliza assistência técnica tanto governamental quanto privada",99,null,{"v":28.779069767441857,"d":"28.8"}]
["Utiliza Crédito Rural",55,null,{"v":15.988372093023255,"d":"16.0"}]
["Utiliza Seguro Rural",4,null,{"v":1.1627906976744187,"d":"1.2"}]
["Utiliza Escrituração Agrícola",212,null,{"v":61.627906976744185,"d":"61.6"}]
["Acessa Internet p/ Fins na Agropecuária",29,null,{"v":8.430232558139535,"d":"8.4"}]
["Utiliza Computador nas Atividades Agropecuárias",43,null,12.5]
["Utiliza Energia Elétrica Para Uso na Atividade Agrícola",292,null,{"v":84.88372093023256,"d":"84.9"}]
["Realiza Análise de Solo, quando necessário",52,null,{"v":15.11627906976744,"d":"15.1"}]
["Utiliza Práticas de Conservação de Solo, quando necessário",246,null,{"v":71.51162790697674,"d":"71.5"}]
["Faz Adubação Mineral, quando necessário",168,null,{"v":48.837209302325576,"d":"48.8"}]
["Faz Adubação Orgânica, quando necessário",167,null,{"v":48.54651162790697,"d":"48.5"}]
["Faz Adubação Verde, quando necessário",7,null,{"v":2.0348837209302326,"d":"2.0"}]
["Utiliza Manejo Integrado de Pragas (MIP)","-",null,"-"]
["Utiliza Hidroponia","-",null,"-"]
["Utiliza Plasticultura",2,null,{"v":0.5813953488372093,"d":"0.6"}]
["Utiliza Mudas Fiscalizadas",99,null,{"v":28.779069767441857,"d":"28.8"}]
["Utiliza Semente Melhorada",176,null,{"v":51.16279069767442,"d":"51.2"}]
["Faz Confinamento de Bovinos",5,null,{"v":1.4534883720930234,"d":"1.5"}]
["Utiliza Pastejo Intensivo",105,null,{"v":30.523255813953487,"d":"30.5"}]
["Faz Inseminação Artificial",23,null,{"v":6.686046511627907,"d":"6.7"}]
["Faz Mineralização do Rebanho",198,null,{"v":57.558139534883715,"d":"57.6"}]
["Faz Vermifugação do Rebanho",205,null,{"v":59.593023255813954,"d":"59.6"}]
["Possui Parceiros /Arrendatários na Exploração Animal",35,null,{"v":10.174418604651162,"d":"10.2"}]
["Esporte e lazer",1,null,{"v":0.29069767441860467,"d":"0.3"}]
["Extração mineral","-",null,"-"]
["Hotel Fazenda, Pousada ou SPA","-",null,"-"]
["Pesque-pague",1,null,{"v":0.29069767441860467,"d":"0.3"}]
["Restaurante ou Lanchonete","-",null,"-"]
["Transformação artesanal","-",null,"-"]
["Turismo rural ou ecoturismo","-",null,"-"]
["Outras atividades econômicas rurais",1,null,{"v":0.29069767441860467,"d":"0.3"}]
["Agroindústria","-",null,"-"]
["Proprietário sem instrução ou com instrução incompleta",30,null,{"v":8.720930232558139,"d":"8.7"}]
["Proprietário com antigo primário completo",84,null,{"v":24.418604651162788,"d":"24.4"}]
["Proprietário com 1° grau (ou antigo ginasial) completo",41,null,{"v":11.918604651162791,"d":"11.9"}]
["Proprietário com 2° grau (ou antigo colegial) completo",78,null,{"v":22.674418604651162,"d":"22.7"}]
["Proprietário com curso superior completo ",104,null,{"v":30.23255813953488,"d":"30.2"}]
["Pessoa Jurídica",7,null,{"v":2.0348837209302326,"d":"2.0"}]
["Proprietário residente na própria UPA ",86,null,{"v":25,"d":"25.0"}]
["Fonte: Secretaria de Agricultura e Abastecimento, CDRS/IEA, Projeto LUPA."]
[]
["TABELA 190.5 - Área Cultivada, Município de Gália, Estado de São Paulo, 2007/08."]
["CULTURA","N.DE UPAs","MÍNIMO","MÉDIO","MÁXIMO","TOTAL"]
["Braquiaria",273,0.2,{"v":70.76,"d":"70.8"},{"v":1300,"d":"1,300.0"},{"v":19316.6,"d":"19,316.6"}]
["Cafe",153,0.2,{"v":25.99,"d":"26.0"},223.6,{"v":3977.2,"d":"3,977.2"}]
["Gramas",53,0.2,{"v":31.75,"d":"31.8"},{"v":300,"d":"300.0"},{"v":1683,"d":"1,683.0"}]
["Eucalipto",121,0.1,{"v":11.74,"d":"11.7"},739.4,{"v":1421,"d":"1,421.0"}]
["Milho",59,0.5,{"v":14.59,"d":"14.6"},{"v":242,"d":"242.0"},860.7]
["Laranja",12,0.1,{"v":35.22,"d":"35.2"},284.7,422.6]
["Capim-napier (ou capim-elefante)",31,0.2,{"v":8.65,"d":"8.7"},71.3,268.2]
["Mandioca",13,0.6,{"v":18.49,"d":"18.5"},171.8,240.4]
["Seringueira",10,0.5,{"v":12.76,"d":"12.8"},52.5,127.6]
["Amora (ou amora-branca)",22,1.2,4.6,12.1,101.2]
["Cana-de-acucar",38,0.1,{"v":2.42,"d":"2.4"},15.2,91.9]
["Maracuja",17,0.3,{"v":3.31,"d":"3.3"},{"v":20,"d":"20.0"},56.3]
["Outras gramineas para pastagem",4,4.9,{"v":13,"d":"13.0"},24.2,{"v":52,"d":"52.0"}]
["Mucuna",1,38.8,38.8,38.8,38.8]
["Manga",3,4.8,{"v":11.73,"d":"11.7"},{"v":16,"d":"16.0"},35.2]
["Limao",4,0.2,{"v":8,"d":"8.0"},{"v":30,"d":"30.0"},{"v":32,"d":"32.0"}]
["Feijao",6,0.1,{"v":3.55,"d":"3.6"},{"v":10,"d":"10.0"},21.3]
["Coco-da-baia",5,0.1,{"v":1.62,"d":"1.6"},2.9,8.1]
["Macadamia (ou noz-macadamia)",2,0.6,3.2,5.8,6.4]
["Feijao-adzuki (ou azuki)",4,0.5,1.4,2.3,5.6]
["Abacate",2,1.5,{"v":2.75,"d":"2.8"},{"v":4,"d":"4.0"},5.5]
["Amendoim",2,0.5,{"v":2.65,"d":"2.7"},4.8,5.3]
["Mandioquinha",3,{"v":1,"d":"1.0"},1.6,{"v":2,"d":"2.0"},4.8]
["Girassol",1,{"v":4,"d":"4.0"},{"v":4,"d":"4.0"},{"v":4,"d":"4.0"},{"v":4,"d":"4.0"}]
["Abobora (ou jerimum)",2,{"v":1,"d":"1.0"},1.5,{"v":2,"d":"2.0"},{"v":3,"d":"3.0"}]
["Algodao",2,{"v":1,"d":"1.0"},1.4,1.8,2.8]
["Arroz",2,0.4,1.4,2.4,2.8]
["Outras olericolas",2,0.3,{"v":1.15,"d":"1.2"},{"v":2,"d":"2.0"},2.3]
["Coloniao",3,0.1,0.7,{"v":1,"d":"1.0"},2.1]
["Mamona",1,{"v":2,"d":"2.0"},{"v":2,"d":"2.0"},{"v":2,"d":"2.0"},{"v":2,"d":"2.0"}]
["Horta domestica",1,1.6,1.6,1.6,1.6]
["Tangerina",3,0.2,{"v":0.53,"d":"0.5"},1.1,1.6]
["Batata-doce",1,1.5,1.5,1.5,1.5]
["Pomar domestico",5,0.1,{"v":0.28,"d":"0.3"},0.7,1.4]
["Caqui",1,1.4,1.4,1.4,1.4]
["Tangor",1,1.1,1.1,1.1,1.1]
["Alface",2,0.1,{"v":0.45,"d":"0.5"},0.8,0.9]
["Couve-flor",1,0.9,0.9,0.9,0.9]
["Berinjela",2,0.1,0.3,0.5,0.6]
["Morango",1,0.3,0.3,0.3,0.3]
["Tomate envarado",1,0.1,0.1,0.1,0.1]
["Pepino",1,0.1,0.1,0.1,0.1]
["Lima",1,0.1,0.1,0.1,0.1]
["Cenoura",1,0.1,0.1,0.1,0.1]
["Fonte: Secretaria de Agricultura e Abastecimento, CDRS/IEA, Projeto LUPA."]